The role of the first language in foreign language learning /

Bibliographic Details
Main Author: Ringbom, Håkan
Format: Book
Language:English
Published: Clevedon : Multilingual Matters, [1987]
Series:Multilingual matters (Series) ; 34.
Subjects:

MARC

Tag First Indicator Second Indicator Subfields
LEADER 00000cam a2200000 a 4500
001 in00000019858
005 20151007053738.0
008 880318s1987 enka b 00110 eng d
010 |a gb 87040363  
015 |a GB87-40363 
020 |a 0905028813 (cased) :  |c £23.50 
020 |a 0905028805 (pbk) :  |c £8.95 
035 |a (OCoLC)16756073 
035 |9 AAB2688AM 
040 |a UKM  |c UKM  |d TXA  |d UtOrBLW 
049 |a TXAM  |c [A11488292] 
050 1 0 |a P118.2 
050 4 |a P118.2  |b .R56 1987 
082 0 |a 418/.007  |2 19 
100 1 |a Ringbom, Håkan. 
245 1 4 |a The role of the first language in foreign language learning /  |c Håkan Ringbom. 
264 1 |a Clevedon :  |b Multilingual Matters,  |c [1987] 
264 4 |c ©1987 
300 |a viii, 186 pages :  |b illustrations ;  |c 22 cm. 
336 |a text  |b txt  |2 rdacontent 
337 |a unmediated  |b n  |2 rdamedia 
338 |a volume  |b nc  |2 rdacarrier 
490 1 |a Multilingual Matters ;  |v 34 
500 |a Includes index. 
504 |a Bibliography: pages [163]-178. 
650 0 |a Second language acquisition. 
650 0 |a Native language. 
830 0 |a Multilingual matters (Series) ;  |v 34. 
999 |a MARS 
999 f f |s 011747b4-f5e9-3780-add9-c76066ec4e70  |i d364f470-02f0-3bde-8887-7e597c2f981d  |t 0 
952 f f |p ric  |a Texas A&M University  |b Rellis Campus  |c Joint Library Facility  |s JLF  |d Remote Storage  |t 0  |e P118.2 .R56 1987  |h Library of Congress classification  |i unmediated -- volume  |m A14811488292 
998 f f |a P118.2 .R56 1987  |t 0  |l Remote Storage